000 00385nam a2200169Ia 4500
003 OSt
005 20240326102410.0
008 170619s9999 xx 000 0 und d
020 _a9780071166072
040 _cIIMT ENGINEERING COLLEGE
100 _aNash W
245 0 _aStrength of Materials
260 _bNew Delhi: TMH
260 _c1998
546 _aENGLISH
942 _2ddc
_c01
999 _c16394
_d16394